000 00864nam a2200361Ia 4500
005 20260514124341.0
008 008 261405s9999 xx 000 0 eng d
037 _aThesis
040 _aCRL
040 _beng
040 _cCRL
041 _2eng
041 _aeng
084 _qCRL
100 _aPonraj Dr.Diana Salomi
_91239498
245 0 _aStudy of Fungal Sepsis in Children.
260 _aDelhi
260 _bUniversity of Delhi
260 _c2016
300 _a113p.
502 _bPh.D.
502 _cUniversity of Delhi
502 _d2016
541 _oThesis
650 _aMicrobiology
700 _aDr. Ajay Kumar
_91239499
700 _aDr.C.P.Baveja,
_91239500
700 _aDr.Ravinder Kaur,
_91239482
700 _aDr.Urmila Jhamb
_91239501
710 _aMicrobiology
942 _cTH
999 _c1851712
_d1851712